[Event "Bremen Silvester op-B"]
[Site "Bremen"]
[Date "2024.12.28"]
[Round "4"]
[White "Schroeder, Harm"]
[Black "Kandora, Max"]
[Result "0-1"]
[WhiteElo "1820"]
[BlackElo "1801"]
[PlyCount "56"]
[EventDate "2024.12.27"]
[EventType "swiss"]
[EventRounds "7"]
[EventCountry "GER"]
[SourceTitle "CB02_2025"]
[SourceDate "2025.01.08"]
[SourceVersion "1"]
[SourceVersionDate "2025.01.08"]
[SourceQuality "1"]

1. e4 e5 2. Nf3 Nf6 3. Nxe5 d6 4. Nf3 Nxe4 5. d4 d5 6. Bd3 Bf5 7. 0-0 Bd6 8. c4 c6 9. Nc3 0-0 10. Qc2 Re8 11. Re1 Bb4 12. a3 Bxc3 13. bxc3 Nd7 14. Bb2 Bg6 15. Nd2 Ng5 16. Bxg6 hxg6 17. cxd5 cxd5 18. f4 Ne6 19. f5 Nef8 20. Nf3 Qb6 21. fxg6 Nxg6 22. Rxe8+ Rxe8 23. Re1 Rxe1+ 24. Nxe1 Qe6 25. Qf2 Nf6 26. Nd3 Ng4 27. Nc5 Nxf2 28. Nxe6 Nd3 0-1

[Event "Bremen Silvester op-B"]
[Site "Bremen"]
[Date "2024.12.27"]
[Round "1"]
[White "Zastrow, Jan Christian"]
[Black "Schroeder, Harm"]
[Result "0-1"]
[WhiteElo "1581"]
[BlackElo "1820"]
[PlyCount "66"]
[EventDate "2024.12.27"]
[EventType "swiss"]
[EventRounds "7"]
[EventCountry "GER"]
[SourceTitle "CB02_2025"]
[SourceDate "2025.01.08"]
[SourceVersion "1"]
[SourceVersionDate "2025.01.08"]
[SourceQuality "1"]

1. e4 e5 2. Nf3 Nc6 3. Bb5 a6 4. Ba4 Nf6 5. d3 Bc5 6. Bg5 h6 7. Bh4 d6 8. h3 Bd7 9. Nc3 g5 10. Bg3 Nh5 11. Bh2 Nf4 12. Bxf4 gxf4 13. g4 fxg3 14. fxg3 Nd4 15. Bxd7+ Qxd7 16. Nxd4 Bxd4 17. Qf3 Bxc3+ 18. bxc3 0-0-0 19. g4 Qc6 20. Kd2 Kb8 21. Rhf1 d5 22. Rfe1 d4 23. c4 Qc5 24. Qd1 Rd6 25. Qc1 h5 26. g5 Rg6 27. h4 f6 28. gxf6 Rxf6 29. Rf1 Rhf8 30. Rxf6 Rxf6 31. Qg1 Qf8 32. Re1 Rf2+ 33. Re2 Qb4+ 0-1

[Event "Bremen Silvester op-B"]
[Site "Bremen"]
[Date "2022.12.29"]
[Round "6"]
[White "Chmura, Dominik"]
[Black "Schroeder, Harm"]
[Result "0-1"]
[WhiteElo "1271"]
[BlackElo "1703"]
[PlyCount "86"]
[EventDate "2022.12.27"]
[EventType "swiss"]
[EventRounds "7"]
[EventCountry "GER"]
[SourceTitle "CBM 211 Extra"]
[Source "ChessBase"]
[SourceDate "2023.01.31"]
[SourceVersion "1"]
[SourceVersionDate "2023.01.31"]
[SourceQuality "1"]

1. e4 e5 2. Bc4 Nc6 3. Nf3 Be7 4. d4 d6 5. dxe5 dxe5 6. 0-0 Bg4 7. Nbd2 Nf6 8. Qe1 0-0 9. Qe3 b6 10. Re1 Bc5 11. Qc3 Qe7 12. a3 Nd4 13. Nxd4 Bxd4 14. Qg3 Kh8 15. Nb3 Be6 16. Nxd4 exd4 17. Bxe6 fxe6 18. Qe5 c5 19. f3 Nd7 20. Qc7 Rfc8 21. Qb7 Qf7 22. e5 h6 23. Bd2 Rd8 24. Rad1 Qf5 25. Re4 Nxe5 26. Rde1 Nc4 27. Bf4 Kh7 28. g4 Qd5 29. Qf7 Rf8 30. Qc7 d3 31. Bxh6 Kxh6 32. Rxe6+ Kh7 33. g5 Qxf3 34. Rh6+ Kg8 35. Qe7 Qf7 36. Qe4 gxh6 37. gxh6 Qf2+ 38. Kh1 Qf3+ 39. Qxf3 Rxf3 40. Re7 Raf8 41. Rxa7 R3f7 42. Ra4 Kh7 43. Rxc4 Rg8 0-1

[Event "Bremen Silvester op"]
[Site "Bremen"]
[Date "2018.12.28"]
[Round "3"]
[White "Zanner, Marcel"]
[Black "Schroeder, Harm"]
[Result "0-1"]
[WhiteElo "1510"]
[BlackElo "1704"]
[PlyCount "43"]
[EventDate "2018.12.27"]
[EventType "swiss"]
[EventRounds "7"]
[EventCountry "GER"]
[SourceTitle "CBM 188 Extra"]
[Source "ChessBase"]
[SourceDate "2019.02.28"]
[SourceVersion "1"]
[SourceVersionDate "2019.02.28"]
[SourceQuality "1"]

1. e4 e5 2. Nf3 Nc6 3. Bc4 Bc5 4. d3 Nf6 5. c3 d6 6. Bg5 h6 7. Bh4 Bb6 8. 0-0 g5 9. Bg3 Qe7 10. h3 Bd7 11. d4 0-0-0 12. d5 Nb8 13. b4 Nh5 14. Bh2 Nf4 15. a4 a5 16. Na3 Rdg8 17. Nb5 g4 18. Bxf4 exf4 19. Nfd4 gxh3 20. Nf5 Bxf5 21. exf5 hxg2 22. Re1 0-1

[Event "Bremen Silvester op"]
[Site "Bremen"]
[Date "2017.12.30"]
[Round "7"]
[White "Schroeder, Harm"]
[Black "Weidenhoefer, Max"]
[Result "1/2-1/2"]
[WhiteElo "1744"]
[BlackElo "1579"]
[PlyCount "70"]
[EventDate "2017.12.27"]
[EventType "swiss"]
[EventRounds "7"]
[EventCountry "GER"]
[SourceTitle "CBM 182 Extra"]
[Source "ChessBase"]
[SourceDate "2018.02.23"]
[SourceVersion "1"]
[SourceVersionDate "2018.02.23"]
[SourceQuality "1"]

1. e4 c6 2. d4 d5 3. Nc3 dxe4 4. Nxe4 Bf5 5. Ng3 Bg6 6. Nf3 Nd7 7. Bc4 e6 8. 0-0 Ngf6 9. c3 Nb6 10. Bb3 Be7 11. Re1 0-0 12. Ne5 Nbd5 13. Nxg6 hxg6 14. Bg5 Qc7 15. Ne4 Nxe4 16. Bxe7 Nexc3 17. Qc2 Nxe7 18. Qxc3 Nf5 19. Re4 Qe7 20. Rae1 Qg5 21. Re5 Rad8 22. R1e4 Qh6 23. g3 Rd7 24. g4 Nd6 25. Re3 Nb5 26. Qe1 Nxd4 27. g5 Qh5 28. Bd1 Qh4 29. R3e4 Qh3 30. Re3 Qh4 31. R3e4 Qh7 32. Kg2 f5 33. Re3 Kf7 34. Rxe6 Nxe6 35. Bb3 Rh8 1/2-1/2

[Event "Bremen Silvester op"]
[Site "Bremen"]
[Date "2017.12.29"]
[Round "5"]
[White "Schroeder, Harm"]
[Black "Lambers, Gabriel"]
[Result "0-1"]
[WhiteElo "1744"]
[BlackElo "1412"]
[PlyCount "76"]
[EventDate "2017.12.27"]
[EventType "swiss"]
[EventRounds "7"]
[EventCountry "GER"]
[SourceTitle "CBM 182 Extra"]
[Source "ChessBase"]
[SourceDate "2018.02.23"]
[SourceVersion "1"]
[SourceVersionDate "2018.02.23"]
[SourceQuality "1"]

1. e4 c5 2. Nf3 d6 3. d4 cxd4 4. Nxd4 Nf6 5. Nc3 a6 6. Be2 e5 7. Nb3 Be7 8. 0-0 0-0 9. Be3 Be6 10. Qd2 b5 11. f3 Nbd7 12. Nd5 Nxd5 13. exd5 Bf5 14. Bd3 Bg6 15. Bxg6 hxg6 16. Na5 Bf6 17. Nc6 Qe8 18. c3 Rc8 19. Rae1 Nb8 20. Nxb8 Rxb8 21. f4 Qd7 22. Rd1 Rbe8 23. Qf2 Qb7 24. Qd2 Re7 25. fxe5 Bxe5 26. Bf4 Rfe8 27. Kh1 f6 28. h3 g5 29. Bxe5 Rxe5 30. Rfe1 Kf7 31. Rxe5 Rxe5 32. Qd4 Qe7 33. a3 Re4 34. Qd3 g4 35. hxg4 Rxg4 36. Qf3 Rh4+ 37. Kg1 Qe5 38. Rf1 Qh2+ 0-1